| 000 | 00688cam a22002293a 4500 | ||
|---|---|---|---|
| 001 | 4716 | ||
| 003 | PGUSA | ||
| 005 | 20140828083105.0 | ||
| 008 | 031201s2003||||xxu|||||s|||||000 | eng d | ||
| 040 |
_aPGUSA _beng |
||
| 042 | _adc | ||
| 050 | 4 | _aDF | |
| 100 | 1 |
_aDavis, William Stearns, _d1877-1930 |
|
| 245 | 1 | 2 |
_aA Day in Old Athens; a Picture of Athenian Life _h[electronic resource] / _cWilliam Stearns Davis |
| 260 |
_bProject Gutenberg, _c2003 |
||
| 506 | _aPublic domain in the USA. | ||
| 516 | _aElectronic text | ||
| 653 | _aAthens (Greece) -- Social life and customs | ||
| 830 | 0 |
_aProject Gutenberg _v4716 |
|
| 856 | 4 | 0 | _uhttp://www.gutenberg.org/ebooks/4716 |
| 942 | _cEB | ||
| 999 |
_c234045 _d234045 |
||